The Court of Appeal Civil Appeal No. 15 of 1998. Mohammed Muwanga Vs Lint Marketing Board (In liquidation ) (Record no. 3189)
[ view plain ]
| 000 -LEADER | |
|---|---|
| fixed length control field | 00579nam a22001217a 4500 |
| 008 - FIXED-LENGTH DATA ELEMENTS--GENERAL INFORMATION | |
| fixed length control field | 110616t xxu||||| |||| 00| 0 eng d |
| 010 ## - LIBRARY OF CONGRESS CONTROL NUMBER | |
| LC control number | CACAF54 |
| 245 ## - TITLE STATEMENT | |
| Title | The Court of Appeal Civil Appeal No. 15 of 1998. Mohammed Muwanga Vs Lint Marketing Board (In liquidation ) |
| 260 ## - PUBLICATION, DISTRIBUTION, ETC. (IMPRINT) | |
| Date of publication, distribution, etc | 1998 |
| 500 ## - GENERAL NOTE | |
| General note | Coram: C.M. Kato , J.A. , J.P. Berko, J.A.& S.G. Engwau,J.A. |
| 500 ## - GENERAL NOTE | |
| General note | An appeal arising from the judgment of Byamugisha J. in H.C.C.S No.779/92, dated 30th April , 1996. |
| Withdrawn status | Lost status | Source of classification or shelving scheme | Damaged status | Koha normalized classification for sorting | Not for loan | Location (home branch) | Sublocation or collection (holding branch) | Shelving location | Date acquired | Koha issues (times borrowed) | Koha full call number | Piece designation (barcode) | Koha date last seen | Price effective from | Koha item type |
|---|---|---|---|---|---|---|---|---|---|---|---|---|---|---|---|
| Dewey Decimal Classification | CACAF_54 | Law Development Centre Main Library | Law Development Centre Main Library | Law Reports | 06/16/2011 | CACAF54 | 15/1998/01 | 06/16/2011 | 06/16/2011 | Un Reported Cases |
